[Event "26.ChessOrg Schachfestival"]
[Site "Bad Woerishofen"]
[Date "2010.03.09"]
[Round "4.3"]
[White "Hammes, Michael"]
[Black "Malaniuk, Vladimir"]
[Result "0-1"]
[WhiteElo "2375"]
[BlackElo "2582"]
[PlyCount "92"]
[EventDate "2010.??.??"]

1. d4 f5 2. g3 Nf6 3. Bg2 g6 4. Nf3 Bg7 5. O-O O-O 6. c4 d6 7. Nc3 Nc6 8. d5
Na5 9. Qd3 e5 10. dxe6 Bxe6 11. Nd2 Nc6 12. b3 d5 13. Ba3 dxc4 14. Nxc4 Qxd3
15. exd3 Rfd8 16. Bxc6 bxc6 17. Rae1 Bxc4 18. dxc4 Ng4 19. Nb1 Bd4 20. h3 Ne5
21. Kg2 c5 22. Bc1 a5 23. Re2 a4 24. Bf4 axb3 25. axb3 Nd3 26. Bxc7 Re8 27.
Rxe8+ Rxe8 28. Rd1 Re2 29. Rd2 Rxf2+ 30. Rxf2 Nxf2 31. Nd2 Nd3 32. Bd6 Kf7 33.
Nf3 Bf6 34. Kf1 g5 35. Ne1 Nxe1 36. Kxe1 Be7 37. Bc7 h5 38. Ke2 Ke6 39. Ba5 g4
40. hxg4 fxg4 41. Be1 Kf5 42. Ke3 Bd6 43. Kd3 Bc7 44. Ke3 Be5 45. Kd3 h4 46.
gxh4 g3 0-1

[Event "26.ChessOrg Schachfestival"]
[Site "Bad Woerishofen"]
[Date "2010.03.09"]
[Round "4.6"]
[White "Huhndorf, Arnold"]
[Black "Karpatchev, Alexandr"]
[Result "0-1"]
[WhiteElo "2264"]
[BlackElo "2483"]
[PlyCount "94"]
[EventDate "2010.??.??"]

1. d4 d5 2. c4 dxc4 3. e3 Nf6 4. Bxc4 e6 5. Nf3 a6 6. O-O b5 7. Bd3 c5 8. a4 b4
9. e4 Bb7 10. e5 Nfd7 11. Nbd2 Nc6 12. Nc4 Nxd4 13. Nxd4 cxd4 14. Qg4 Nc5 15.
Rd1 h5 16. Qg3 h4 17. Qg4 h3 18. Bf1 hxg2 19. Bxg2 Qh4 20. h3 Qxg4 21. hxg4
Bxg2 22. Kxg2 Nb3 23. Rb1 Rc8 24. Nd2 Nxd2 25. Rxd2 Bc5 26. Rc2 Kd7 27. Bd2 Be7
28. Rbc1 Rxc2 29. Rxc2 f6 30. f4 fxe5 31. fxe5 Rh4 32. Kg3 Rh1 33. Rc4 Rd1 34.
Bxb4 Bxb4 35. Rxb4 Kc6 36. a5 Kd5 37. Rb6 Kxe5 38. Kf3 Rd2 39. b4 Rb2 40. b5
Rb3+ 41. Ke2 axb5 42. a6 Ra3 43. Rxb5+ Ke4 44. Rg5 Rxa6 45. Rxg7 e5 46. g5 d3+
47. Kd2 Ra2+ 0-1

[Event "26.ChessOrg Schachfestival"]
[Site "Bad Woerishofen"]
[Date "2010.03.09"]
[Round "4.26"]
[White "Loew, Gerald"]
[Black "Schiffer, Steve"]
[Result "1-0"]
[WhiteElo "2282"]
[BlackElo "2125"]
[PlyCount "53"]
[EventDate "2010.??.??"]

1. c4 e5 2. g3 Nf6 3. Bg2 g6 4. Nc3 Bg7 5. e4 O-O 6. Nge2 Nc6 7. O-O d6 8. f4
exf4 9. gxf4 Nh5 10. d4 Bg4 11. Be3 Qd7 12. Qd2 Na5 13. b3 c5 14. dxc5 Bxe2 15.
Nxe2 Bxa1 16. Rxa1 Nc6 17. cxd6 Rfe8 18. Nc3 Rad8 19. Rd1 Qg4 20. c5 a6 21. h3
Qh4 22. Qf2 Qf6 23. Nd5 Qg7 24. Bc1 a5 25. Bb2 Qh6 26. Qh4 Nb4 27. Nf6+ 1-0

[Event "26.ChessOrg Schachfestival"]
[Site "Bad Woerishofen"]
[Date "2010.03.09"]
[Round "4.7"]
[White "Luther, Thomas"]
[Black "de Francesco, Klaus"]
[Result "1-0"]
[WhiteElo "2559"]
[BlackElo "2283"]
[PlyCount "99"]
[EventDate "2010.??.??"]

1. e4 e6 2. d4 d5 3. Nc3 Bb4 4. e5 c5 5. a3 Bxc3+ 6. bxc3 Qa5 7. Bd2 Qa4 8. Qb1
c4 9. g3 Nc6 10. Bg2 Bd7 11. Nh3 O-O-O 12. O-O Nge7 13. Nf4 Rdf8 14. Qb2 Rhg8
15. Rab1 b6 16. Rbe1 Nd8 17. h4 Qa5 18. h5 h6 19. Bh3 Qa4 20. Ng2 Rh8 21. Qc1
Rfg8 22. Kh2 g6 23. Rh1 g5 24. Ne3 Rf8 25. Ng4 Nf5 26. Nf6 Ng7 27. f4 Ne8 28.
Nxe8 Rxe8 29. Rhf1 f6 30. exf6 Nf7 31. Re2 Rhg8 32. fxg5 hxg5 33. Kg1 e5 34.
Bxd7+ Qxd7 35. dxe5 Qg4 36. Qe1 Rh8 37. Qf2 Qxh5 38. Qf3 Qxf3 39. Rxf3 Nxe5 40.
Rfe3 Nf3+ 41. Kf2 Rxe3 42. Kxe3 Ne5 43. Kd4 Nf3+ 44. Kxd5 Rf8 45. Ke6 Re8+ 46.
Kf5 Rxe2 47. f7 Rxd2 48. f8=Q+ Rd8 49. Qe7 Rd5+ 50. Ke4 1-0

[Event "26.ChessOrg Schachfestival"]
[Site "Bad Woerishofen"]
[Date "2010.03.09"]
[Round "4.9"]
[White "Mainka, Romuald"]
[Black "Rolle, Eric"]
[Result "1/2-1/2"]
[WhiteElo "2510"]
[BlackElo "2270"]
[PlyCount "94"]
[EventDate "2010.??.??"]

1. e4 e5 2. Nf3 Nc6 3. Bb5 a6 4. Ba4 Nf6 5. d3 b5 6. Bb3 Be7 7. O-O O-O 8. h3
d6 9. c3 Na5 10. Bc2 c5 11. Nbd2 Nc6 12. Re1 Qc7 13. Nf1 Re8 14. Ne3 Bf8 15.
Nh2 Ne7 16. Qf3 Be6 17. Nhg4 Nxg4 18. hxg4 f6 19. Bb3 Bxb3 20. axb3 Qd7 21. g3
Red8 22. c4 a5 23. Kg2 a4 24. bxa4 Rxa4 25. Rxa4 bxa4 26. Rh1 Rb8 27. Qd1 Rb3
28. Rh2 Nc6 29. Qh1 h6 30. Nd5 Rxd3 31. Rh4 Ne7 32. Rxh6 Qxg4 33. Ne3 Qxe4+ 34.
f3 Qd4 35. Rh8+ Kf7 36. Qh5+ Ng6 37. Nf5 Qxc4 38. Rxf8+ Kxf8 39. Qxg6 Qf7 40.
Qg4 Qb7 41. Qh5 Qf7 42. Qg4 Qb7 43. Nh4 a3 44. bxa3 Rd1 45. Qe6 Qf7 46. Qc8+
Qe8 47. Qc7 Qf7 1/2-1/2

[Event "26.ChessOrg Schachfestival"]
[Site "Bad Woerishofen"]
[Date "2010.03.09"]
[Round "4.45"]
[White "Marotzke, Stefan"]
[Black "Beulertz, Stefan Dr"]
[Result "1-0"]
[WhiteElo "2043"]
[BlackElo "1931"]
[PlyCount "49"]
[EventDate "2010.??.??"]

1. d4 e6 2. Nf3 f5 3. g3 b6 4. Bg2 Bb7 5. O-O Nf6 6. c4 g6 7. Nc3 d6 8. Qc2 h6
9. Nh4 Bxg2 10. Kxg2 Kf7 11. e4 g5 12. Nf3 fxe4 13. Nxe4 Nxe4 14. Qxe4 Nd7 15.
Re1 Qe8 16. Bxg5 Bg7 17. Bh4 Nf6 18. Bxf6 Bxf6 19. Re3 Qd7 20. Rae1 Rae8 21.
Nh4 Rhg8 22. Qh7+ Rg7 23. Qxh6 Bxd4 24. Rf3+ Ke7 25. Nf5+ 1-0

[Event "26.ChessOrg Schachfestival"]
[Site "Bad Woerishofen"]
[Date "2010.03.09"]
[Round "4.57"]
[White "Meul, Willi"]
[Black "Guggenberger, Guido"]
[Result "0-1"]
[WhiteElo "1891"]
[BlackElo "2023"]
[PlyCount "52"]
[EventDate "2010.??.??"]

1. d4 g6 2. c4 Bg7 3. Nc3 d6 4. e4 Nc6 5. Be3 e5 6. d5 Nce7 7. Bd3 f5 8. f3 Nf6
9. h3 O-O 10. Nge2 Kh8 11. O-O f4 12. Bf2 g5 13. Kh2 h5 14. Rh1 Kg8 15. b4 a5
16. Qb3 g4 17. hxg4 hxg4 18. Bh4 Ng6 19. Bxf6 Bxf6 20. c5 axb4 21. Nb5 Kg7 22.
Qxb4 dxc5 23. Qxc5 Be7 24. Qc4 c6 25. d6 cxb5 26. dxe7 Rh8+ 0-1

[Event "26.ChessOrg Schachfestival"]
[Site "Bad Woerishofen"]
[Date "2010.03.09"]
[Round "4.13"]
[White "Naegele, Thomas"]
[Black "Espig, Lutz"]
[Result "0-1"]
[WhiteElo "2206"]
[BlackElo "2380"]
[PlyCount "110"]
[EventDate "2010.??.??"]

1. e4 c5 2. Nf3 e6 3. d4 cxd4 4. Nxd4 Nf6 5. Nc3 d6 6. g3 Nc6 7. Bg2 Bd7 8. O-O
Be7 9. h3 O-O 10. Nb3 a6 11. a4 Na5 12. Nxa5 Qxa5 13. Bd2 Qc7 14. Qe2 Rac8 15.
f4 b5 16. axb5 axb5 17. Be3 b4 18. Ra7 Qd8 19. Na4 Rb8 20. Rd1 Bb5 21. Qf2 Nd7
22. Kh2 Ra8 23. Rxa8 Qxa8 24. b3 Rc8 25. e5 d5 26. Nb6 Nxb6 27. Bxb6 Qc6 28.
Rd2 h6 29. Bd4 Bc5 30. Bxc5 Qxc5 31. Qxc5 Rxc5 32. Kg1 Rc3 33. Kf2 g5 34. f5
exf5 35. Bxd5 Bc6 36. Bxc6 Rxc6 37. g4 fxg4 38. hxg4 Rc5 39. Re2 Kf8 40. Ke1
Ke7 41. Re4 Rxc2 42. Rxb4 Ke6 43. Rb6+ Kxe5 44. Rxh6 Rg2 45. Rh7 Ke6 46. Rh3
Rxg4 47. Kd2 f5 48. Kc3 Rh4 49. Re3+ Kd5 50. Rd3+ Ke5 51. b4 g4 52. Kd2 Rh2+
53. Kc1 f4 54. b5 g3 55. b6 g2 0-1

[Event "26.ChessOrg Schachfestival"]
[Site "Bad Woerishofen"]
[Date "2010.03.09"]
[Round "4.40"]
[White "Neumann, Joachim"]
[Black "Lehmann, Torsten"]
[Result "1/2-1/2"]
[WhiteElo "2156"]
[BlackElo "1966"]
[PlyCount "44"]
[EventDate "2010.??.??"]

1. e4 c5 2. Nf3 d6 3. d4 cxd4 4. Nxd4 Nf6 5. Nc3 g6 6. Be3 Bg7 7. f3 O-O 8. Qd2
Nc6 9. O-O-O Bd7 10. h4 h5 11. Bh6 Rc8 12. Nxc6 bxc6 13. g4 Qa5 14. gxh5 Nxh5
15. Bxg7 Kxg7 16. Rg1 Qe5 17. Rg5 Qf4 18. Qxf4 Nxf4 19. Ra5 Rc7 20. Ne2 Nxe2+
21. Bxe2 Rh8 22. Rh1 c5 1/2-1/2

[Event "26.ChessOrg Schachfestival"]
[Site "Bad Woerishofen"]
[Date "2010.03.09"]
[Round "4.8"]
[White "Rogobete, Nikolas"]
[Black "Romanishin, Oleg"]
[Result "0-1"]
[WhiteElo "2273"]
[BlackElo "2513"]
[PlyCount "60"]
[EventDate "2010.??.??"]

1. e4 e5 2. Nf3 Nc6 3. Bb5 a6 4. Ba4 Nf6 5. O-O Be7 6. Re1 b5 7. Bb3 d6 8. c3
O-O 9. h3 Na5 10. Bc2 c5 11. d4 Nd7 12. b3 cxd4 13. cxd4 Nc6 14. Nc3 exd4 15.
Nd5 Nde5 16. Nxd4 Nxd4 17. Qxd4 Bf6 18. Nxf6+ Qxf6 19. Bb2 Bxh3 20. Re3 Rac8
21. Bd3 Bg4 22. Rae1 h5 23. Bb1 h4 24. Rf1 Qf4 25. g3 hxg3 26. fxg3 Qh6 27. Rf4
Rc6 28. Bd3 Rfc8 29. Be2 Bxe2 30. Rxe2 Rc1+ 0-1

[Event "26.ChessOrg Schachfestival"]
[Site "Bad Woerishofen"]
[Date "2010.03.09"]
[Round "4.5"]
[White "Rusev, Krasimir"]
[Black "Meier, Volker"]
[Result "1-0"]
[WhiteElo "2543"]
[BlackElo "2304"]
[PlyCount "89"]
[EventDate "2010.??.??"]

1. d4 Nf6 2. Nf3 g6 3. c4 Bg7 4. Nc3 O-O 5. e4 d6 6. h3 c5 7. d5 e6 8. Bg5 h6
9. Be3 exd5 10. cxd5 Re8 11. Bd3 a6 12. a4 Nbd7 13. O-O Rb8 14. Bf4 Ne5 15.
Nxe5 dxe5 16. Be3 Nd7 17. Qd2 Kh7 18. a5 b5 19. axb6 Qxb6 20. Na4 Qb4 21. Qc2
Bf8 22. Rfc1 Qb3 23. Qe2 Kg7 24. Ra3 Qb4 25. Qc2 Be7 26. Bd2 Qb7 27. Rc3 Bd6
28. Be3 Rd8 29. Qd2 h5 30. Qe2 Qb4 31. Rc4 Qb3 32. R1c3 Qb7 33. Rc2 Ra8 34.
Nxc5 Nxc5 35. Bxc5 Bxc5 36. Rxc5 Bd7 37. Qd2 Rab8 38. Qc3 f6 39. Qa3 Qb4 40.
Ra5 Qxa3 41. bxa3 Bc8 42. Rc7+ Kf8 43. Rc6 Ke7 44. Rc7+ Kd6 45. Rf7 1-0

[Event "26.ChessOrg Schachfestival"]
[Site "Bad Woerishofen"]
[Date "2010.03.09"]
[Round "4.76"]
[White "Santos, Paulo"]
[Black "Bretscher, Robert"]
[Result "1-0"]
[WhiteElo "1860"]
[BlackElo "1690"]
[PlyCount "55"]
[EventDate "2010.??.??"]

1. e4 e5 2. Nf3 Nc6 3. Bb5 a6 4. Bxc6 dxc6 5. O-O Bg4 6. d3 f6 7. Be3 Ne7 8.
Nbd2 Ng6 9. h3 Be6 10. d4 Bd6 11. c3 O-O 12. dxe5 Nxe5 13. Nxe5 Bxe5 14. f4 Bd6
15. Nb3 b6 16. Nd4 Bd7 17. Qf3 Qe8 18. Rfe1 Qg6 19. g4 h5 20. f5 hxg4 21. hxg4
Qh7 22. Bf4 Bxf4 23. Qxf4 Rac8 24. Rad1 Qh4 25. Nf3 Qh3 26. Rxd7 Rcd8 27. Red1
Rde8 28. R1d2 1-0

[Event "26.ChessOrg Schachfestival"]
[Site "Bad Woerishofen"]
[Date "2010.03.09"]
[Round "4.21"]
[White "Stewart, Neil"]
[Black "Ballon, Guenther Jan"]
[Result "1-0"]
[WhiteElo "2327"]
[BlackElo "2165"]
[PlyCount "67"]
[EventDate "2010.??.??"]

1. e4 e5 2. Nf3 Nc6 3. Bc4 Bc5 4. c3 Nf6 5. d3 a6 6. O-O d6 7. Bb3 O-O 8. Nbd2
Be6 9. Bc2 h6 10. h3 Ba7 11. Re1 Ne7 12. d4 Ng6 13. Nf1 c6 14. Be3 Qc7 15. Ng3
Rfe8 16. Qd2 Kh7 17. Rac1 b5 18. b3 Rad8 19. Ra1 c5 20. d5 Bd7 21. a4 bxa4 22.
bxa4 Bb6 23. Bd3 Ra8 24. Bc4 Ba5 25. Qd3 Reb8 26. Ra3 Rb6 27. Nd2 Bc8 28. Nb3
Rbb8 29. Nf5 Ne8 30. g3 Kg8 31. h4 Nf8 32. Ra2 h5 33. Nxa5 Qxa5 34. Ne7+ 1-0

[Event "26.ChessOrg Schachfestival"]
[Site "Bad Woerishofen"]
[Date "2010.03.09"]
[Round "4.70"]
[White "Strohbusch, Frank Dr"]
[Black "Spanton, Tim"]
[Result "0-1"]
[WhiteElo "1947"]
[BlackElo "2030"]
[PlyCount "96"]
[EventDate "2010.??.??"]

1. e4 e5 2. Nf3 Nc6 3. Bc4 Bc5 4. c3 Nf6 5. d3 d6 6. Bb3 Be6 7. Bc2 d5 8. Nbd2
O-O 9. h3 Nh5 10. Nxe5 Bxf2+ 11. Kxf2 Qh4+ 12. Kg1 Nxe5 13. d4 Ng6 14. Nf3 Qg3
15. Qe1 Qxe1+ 16. Nxe1 Ng3 17. Rh2 Nxe4 18. Nf3 Nd6 19. h4 Bf5 20. Bxf5 Nxf5
21. h5 Nge7 22. Bf4 c6 23. g4 Nh6 24. Rg2 Kh8 25. Bd6 Rfe8 26. Re1 Neg8 27. Ne5
Re6 28. g5 Rxd6 29. gxh6 Nxh6 30. Rge2 g6 31. hxg6 hxg6 32. Rf2 Kg7 33. Ref1 f6
34. Nd3 Re8 35. Nf4 Ng4 36. Rf3 Rd7 37. Rg3 f5 38. Nd3 Rde7 39. a4 Re3 40. Rxe3
Rxe3 41. Nc5 b6 42. Nb7 Re2 43. Nd8 c5 44. dxc5 bxc5 45. Nc6 Rxb2 46. Nxa7 Ra2
47. Rb1 Rxa4 48. Rb7+ Kf6 0-1

[Event "26.ChessOrg Schachfestival"]
[Site "Bad Woerishofen"]
[Date "2010.03.09"]
[Round "4.93"]
[White "Tichacek, Luis"]
[Black "Hamar, Dirk"]
[Result "1-0"]
[WhiteElo "1801"]
[BlackElo "1542"]
[PlyCount "57"]
[EventDate "2010.??.??"]

1. Nf3 d5 2. d4 Nf6 3. g3 c6 4. Bg2 Qb6 5. O-O Bf5 6. Nbd2 h6 7. c3 Nbd7 8. Re1
Ne4 9. a4 Ndf6 10. h3 g5 11. Ne5 Bg7 12. e3 Nd6 13. g4 Bh7 14. f4 gxf4 15. exf4
c5 16. Ndf3 c4 17. a5 Qb5 18. Nh2 Nfe4 19. f5 Bxe5 20. dxe5 Nxf5 21. gxf5 Bxf5
22. Qh5 Qd7 23. Bf4 d4 24. Bxe4 Bxe4 25. Rxe4 Qd5 26. Rxd4 Qc5 27. Ng4 Rd8 28.
Rad1 Rd6 29. Kh2 1-0

[Event "26.ChessOrg Schachfestival"]
[Site "Bad Woerishofen"]
[Date "2010.03.09"]
[Round "4.11"]
[White "Waldschmidt, Georg"]
[Black "Pirrot, Dieter"]
[Result "0-1"]
[WhiteElo "2227"]
[BlackElo "2414"]
[PlyCount "48"]
[EventDate "2010.??.??"]

1. e4 d5 2. exd5 Nf6 3. Nf3 Qxd5 4. d4 Bg4 5. Be2 Nc6 6. c4 Qf5 7. Be3 O-O-O 8.
O-O e5 9. d5 e4 10. Nd4 Nxd4 11. Bxd4 Bd6 12. Bxf6 Bxe2 13. Qxe2 Qxf6 14. Nc3
Qe5 15. f4 exf3 16. Qxe5 Bxe5 17. Rxf3 f6 18. Re1 Rhe8 19. Kf1 Kd7 20. b3 Re7
21. Ne4 b6 22. Ng3 g6 23. Ne4 Rde8 24. g4 Bd4 0-1

[Event "26.ChessOrg Schachfestival"]
[Site "Bad Woerishofen"]
[Date "2010.03.09"]
[Round "4.17"]
[White "Weisenburger, Horst"]
[Black "Teske, Henrik"]
[Result "0-1"]
[WhiteElo "2177"]
[BlackElo "2553"]
[PlyCount "64"]
[EventDate "2010.??.??"]

1. f4 d5 2. g3 h5 3. h3 e5 4. fxe5 f6 5. d4 c5 6. Nf3 Nc6 7. Qd3 cxd4 8. Qg6+
Kd7 9. e6+ Kxe6 10. Ng5+ Ke7 11. Qf7+ Kd6 12. Bf4+ Kc5 13. Bc7 Qe7 14. c3 fxg5
15. b4+ Nxb4 16. cxb4+ Kc6 17. Qxe7 Nxe7 18. Be5 Nf5 19. b5+ Kb6 20. Nd2 Bb4
21. Rc1 Bc3 22. Kf2 Re8 23. Nf3 g4 24. hxg4 hxg4 25. Nxd4 Bxd4+ 26. Bxd4+ Nxd4
27. e3 Rf8+ 28. Kg2 Nf5 29. Rc3 Be6 30. a4 Rac8 31. Ra3 Rc2+ 32. Kg1 Nxg3 0-1

[Event "26.ChessOrg Schachfestival"]
[Site "Bad Woerishofen"]
[Date "2010.03.09"]
[Round "4.36"]
[White "Wiesbeck, Florian"]
[Black "Partenheimer, Axel"]
[Result "0-1"]
[WhiteElo "1926"]
[BlackElo "2184"]
[PlyCount "92"]
[EventDate "2010.??.??"]

1. d4 Nf6 2. c4 g6 3. Nc3 Bg7 4. e4 d6 5. f3 O-O 6. Be3 Nc6 7. Nge2 a6 8. Qd2
Rb8 9. Rc1 e6 10. Nd1 Ne8 11. Nf2 f5 12. g3 fxe4 13. fxe4 Qe7 14. Bg2 Nd8 15.
O-O Nf7 16. Nh3 Nf6 17. Nf2 Nd7 18. Nf4 e5 19. Nd5 Qd8 20. Nc3 exd4 21. Bxd4
Nde5 22. Ne2 c5 23. Be3 b5 24. cxb5 axb5 25. b3 b4 26. Rfd1 Qb6 27. Nf4 Re8 28.
Nd5 Qb7 29. Kh1 Bd7 30. Nd3 Nxd3 31. Qxd3 Bb5 32. Qd2 Bc6 33. Bf4 Ra8 34. Rc2
Ra7 35. Rf1 Bxd5 36. Qxd5 Qxd5 37. exd5 Be5 38. Bc1 Rae7 39. Bh3 Kg7 40. Be6
Nd8 41. Bg5 Nxe6 42. dxe6 Rxe6 43. Rcf2 Kg8 44. Bh6 Bg7 45. Bf4 Bf8 46. Bg5 Bg7
0-1

[Event "26.ChessOrg Schachfestival"]
[Site "Bad Woerishofen"]
[Date "2010.03.09"]
[Round "4.10"]
[White "Zude, Arno"]
[Black "Lupor, Stefan"]
[Result "1-0"]
[WhiteElo "2450"]
[BlackElo "2262"]
[PlyCount "85"]
[EventDate "2010.??.??"]

1. e4 c5 2. Nf3 e6 3. d4 cxd4 4. Nxd4 a6 5. Bd3 Bc5 6. Nb3 Be7 7. Qg4 g6 8. Qe2
d6 9. O-O Nd7 10. a4 b6 11. Na3 Bb7 12. Nc4 Ngf6 13. Bh6 Qc7 14. Bg7 Rg8 15.
Bh6 d5 16. exd5 Nxd5 17. Bd2 Nf4 18. Bxf4 Qxf4 19. Rfe1 Kf8 20. g3 Qc7 21. Be4
Kg7 22. Rad1 Bxe4 23. Qxe4 Nf6 24. Qe2 Rac8 25. Ne3 Qb7 26. Nd4 Bc5 27. Ng4
Nxg4 28. Qxg4 Rgd8 29. Nf3 Qc7 30. Qe4 Be7 31. c3 Bf6 32. Qe2 Rxd1 33. Rxd1 Rd8
34. Rxd8 Qxd8 35. Qxa6 Qd1+ 36. Kg2 e5 37. Qxb6 e4 38. Nd4 Qxa4 39. Qc6 Qa1 40.
Qd7 Kg8 41. Qd6 Kg7 42. Qd7 Kg8 43. Nb5 1-0

[Event "26.ChessOrg Schachfestival"]
[Site "Bad Woerishofen"]
[Date "2010.03.10"]
[Round "5.18"]
[White "Babar, Michael"]
[Black "Szablowski, Pawel"]
[Result "0-1"]
[WhiteElo "2187"]
[BlackElo "2298"]
[PlyCount "56"]
[EventDate "2010.??.??"]

1. f4 d5 2. g3 Nf6 3. Nf3 g6 4. Bg2 Bg7 5. d3 O-O 6. O-O c5 7. Qe1 Nc6 8. c3 d4
9. Bd2 Qb6 10. Qc1 c4 11. cxd4 cxd3 12. e3 Bf5 13. Nc3 Rac8 14. Kh1 Nb4 15. Ne1
Rfd8 16. Qd1 Nc2 17. Nxc2 dxc2 18. Qc1 Bd3 19. Re1 h5 20. Bf3 Qe6 21. Kg1 h4
22. Bxb7 hxg3 23. hxg3 Qh3 24. Bg2 Qxg3 25. Ne2 Qh4 26. Ba5 Ng4 27. Qd2 Qf2+
28. Kh1 Be4 0-1

[Event "26.ChessOrg Schachfestival"]
[Site "Bad Woerishofen"]
[Date "2010.03.10"]
[Round "5.70"]
[White "Buchaeckert, Juergen"]
[Black "Santos, Paulo"]
[Result "1-0"]
[WhiteElo "1994"]
[BlackElo "1860"]
[PlyCount "29"]
[EventDate "2010.??.??"]

1. e4 e5 2. d4 exd4 3. Qxd4 Nc6 4. Qe3 Nf6 5. Nc3 Bb4 6. Bd2 O-O 7. O-O-O Re8
8. Qg3 d6 9. f3 Bd7 10. Nge2 Ne5 11. Bg5 Bc6 12. f4 Ned7 13. e5 dxe5 14. fxe5
h6 15. Bxf6 1-0

[Event "26.ChessOrg Schachfestival"]
[Site "Bad Woerishofen"]
[Date "2010.03.10"]
[Round "5.7"]
[White "De Santis, Alessio"]
[Black "Farago, Ivan"]
[Result "0-1"]
[WhiteElo "2305"]
[BlackElo "2476"]
[PlyCount "72"]
[EventDate "2010.??.??"]

1. b3 d5 2. Bb2 c6 3. g3 Bg4 4. Bg2 e6 5. Nf3 Nd7 6. d3 Ngf6 7. Nbd2 Be7 8. O-O
O-O 9. c4 a5 10. a3 Re8 11. Ra2 Bd6 12. h3 Bh5 13. Qa1 e5 14. e3 Bg6 15. d4 e4
16. Ne5 Qe7 17. Nxg6 hxg6 18. a4 g5 19. Qd1 Qe6 20. Ba3 Bxa3 21. Rxa3 g6 22.
Qe2 Kg7 23. Rb1 Rh8 24. b4 axb4 25. Rxb4 b6 26. Rb1 g4 27. hxg4 Nxg4 28. cxd5
cxd5 29. f3 exf3 30. Qxf3 Ndf6 31. e4 dxe4 32. Nxe4 Qd7 33. Qd1 Qf5 34. Qe2
Rae8 35. Re1 Nxe4 36. Bxe4 Rxe4 0-1

[Event "26.ChessOrg Schachfestival"]
[Site "Bad Woerishofen"]
[Date "2010.03.10"]
[Round "5.17"]
[White "Friedrich, Norbert"]
[Black "Thieme-Garmann, Alexander"]
[Result "1-0"]
[WhiteElo "2299"]
[BlackElo "2145"]
[PlyCount "51"]
[EventDate "2010.??.??"]

1. e4 e6 2. d4 d5 3. Nd2 Nf6 4. e5 Nfd7 5. Bd3 c5 6. c3 Nc6 7. Ne2 cxd4 8. cxd4
f6 9. exf6 Qxf6 10. Nf3 h6 11. O-O Bd6 12. Ng3 O-O 13. Bc2 Rd8 14. Re1 Nf8 15.
Ne5 Bxe5 16. dxe5 Qh4 17. Nh5 Bd7 18. Re3 Be8 19. Nxg7 Kxg7 20. Rh3 Qxh3 21.
gxh3 Ne7 22. Qg4+ Bg6 23. Bxg6 Nexg6 24. Qh5 Rac8 25. Bxh6+ Kf7 26. Bxf8 1-0

[Event "26.ChessOrg Schachfestival"]
[Site "Bad Woerishofen"]
[Date "2010.03.10"]
[Round "5.37"]
[White "Gutman, Lev"]
[Black "Eichner, Manfred"]
[Result "1-0"]
[WhiteElo "2454"]
[BlackElo "2041"]
[PlyCount "91"]
[EventDate "2010.??.??"]

1. Nf3 b6 2. g3 Bb7 3. Bg2 e6 4. O-O Nf6 5. c4 c5 6. d4 cxd4 7. Qxd4 Be7 8. Nc3
O-O 9. Rd1 d6 10. b3 Nbd7 11. e4 Ne8 12. Qe3 Qc7 13. Ba3 a6 14. Rac1 Rc8 15. e5
Nc5 16. exd6 Nxd6 17. Qf4 Nf5 18. Qxc7 Rxc7 19. Bxc5 Bxc5 20. Ne5 Bxg2 21. Kxg2
Bd4 22. Nf3 Bf6 23. Ne4 Rfc8 24. g4 Nh4+ 25. Nxh4 Bxh4 26. g5 h6 27. f4 hxg5
28. fxg5 f5 29. gxf6 Bxf6 30. Rd6 Rc6 31. Rcd1 Kf7 32. Rd7+ Kg6 33. Kf3 Be5 34.
Rg1+ Kh6 35. Ke2 R6c7 36. Rd3 g6 37. Rh3+ Kg7 38. Ng5 Re7 39. Rf1 Kg8 40. Rh6
Bg7 41. Rxg6 Rce8 42. Ne4 Kh7 43. Rg4 Rd8 44. Rf3 e5 45. Nf6+ Bxf6 46. Rh3+ 1-0

[Event "26.ChessOrg Schachfestival"]
[Site "Bad Woerishofen"]
[Date "2010.03.10"]
[Round "5.22"]
[White "Heppell, Ian"]
[Black "Rogobete, Nikolas"]
[Result "1/2-1/2"]
[WhiteElo "2136"]
[BlackElo "2273"]
[PlyCount "41"]
[EventDate "2010.??.??"]

1. e4 e5 2. Nf3 Nc6 3. d4 exd4 4. c3 d5 5. exd5 Qxd5 6. cxd4 Bg4 7. Be2 Bb4+ 8.
Nc3 Bxf3 9. Bxf3 Qc4 10. Bxc6+ bxc6 11. Qe2+ Qxe2+ 12. Kxe2 O-O-O 13. Be3 Ne7
14. Kd3 Nf5 15. Kc4 Ba5 16. Rad1 Bb6 17. b4 Rhe8 18. Rd3 h5 19. g3 Re6 20. Rhd1
f6 21. h4 1/2-1/2

[Event "26.ChessOrg Schachfestival"]
[Site "Bad Woerishofen"]
[Date "2010.03.10"]
[Round "5.45"]
[White "Hornung, Hans"]
[Black "Urban, Rudolf"]
[Result "1-0"]
[WhiteElo "2139"]
[BlackElo "1979"]
[PlyCount "45"]
[EventDate "2010.??.??"]

1. c4 c5 2. b3 Nf6 3. Bb2 e6 4. Nf3 Be7 5. g3 O-O 6. Bg2 Nc6 7. O-O Qc7 8. Nc3
a6 9. d4 cxd4 10. Nxd4 d6 11. Rc1 Ne5 12. e4 Ned7 13. Qe2 Rb8 14. Kh1 Qc5 15.
Rcd1 Re8 16. f4 e5 17. Nf5 Bf8 18. Nd5 b5 19. fxe5 dxe5 20. Nh6+ gxh6 21. Rxf6
Be7 22. Rxf7 Nf8 23. Rxe7 1-0

[Event "26.ChessOrg Schachfestival"]
[Site "Bad Woerishofen"]
[Date "2010.03.10"]
[Round "5.11"]
[White "Huhndorf, Arnold"]
[Black "Mainka, Romuald"]
[Result "0-1"]
[WhiteElo "2264"]
[BlackElo "2510"]
[PlyCount "60"]
[EventDate "2010.??.??"]

1. d4 d6 2. Nf3 Bg4 3. c4 Nd7 4. Qb3 Rb8 5. Bf4 Bxf3 6. Qxf3 g6 7. e3 Bg7 8.
Nc3 c5 9. d5 a6 10. a4 Qa5 11. e4 b5 12. cxb5 axb5 13. Bd2 b4 14. Nd1 Ngf6 15.
Bd3 O-O 16. O-O Ne5 17. Qe2 Nxd3 18. Qxd3 Nd7 19. Qc2 Qa6 20. Ne3 Ne5 21. f4 b3
22. Qb1 Nd3 23. Bc3 Bxc3 24. bxc3 b2 25. Ra3 c4 26. Kh1 Qa7 27. Rf3 Qc5 28. Ra2
Rb3 29. Nd1 Rfb8 30. a5 Ra3 0-1

[Event "26.ChessOrg Schachfestival"]
[Site "Bad Woerishofen"]
[Date "2010.03.10"]
[Round "5.5"]
[White "Koepke, Christian"]
[Black "Luther, Thomas"]
[Result "1/2-1/2"]
[WhiteElo "2370"]
[BlackElo "2559"]
[PlyCount "83"]
[EventDate "2010.??.??"]

1. e4 c5 2. Nf3 e6 3. d4 cxd4 4. Nxd4 Nf6 5. Nc3 d6 6. Be3 Be7 7. f3 O-O 8. Qd2
Nc6 9. O-O-O d5 10. exd5 Nxd5 11. Nxd5 Qxd5 12. c4 Qd6 13. Nxc6 Qxc6 14. Bd3 e5
15. Kb1 Be6 16. Rc1 Rad8 17. Qe2 b6 18. Be4 Qc8 19. g4 Bc5 20. Bg5 Rd4 21. b3
a5 22. Qc2 f5 23. gxf5 Bxf5 24. Rce1 Bxe4 25. fxe4 Rd7 26. Rhf1 Bd4 27. Bc1
Rdf7 28. Rxf7 Rxf7 29. Be3 Bxe3 30. Rxe3 Qc5 31. Qd3 h6 32. Kb2 Rf2+ 33. Re2
Kh7 34. Rxf2 Qxf2+ 35. Qc2 Qd4+ 36. Kb1 h5 37. a3 h4 38. b4 axb4 39. axb4 g5
40. Qe2 Kg6 41. Qg4 Qxc4 42. Qf5+ 1/2-1/2

[Event "26.ChessOrg Schachfestival"]
[Site "Bad Woerishofen"]
[Date "2010.03.10"]
[Round "5.60"]
[White "Kugelmann, Werner"]
[Black "Engl, Heinz"]
[Result "1-0"]
[WhiteElo "2240"]
[BlackElo "2075"]
[PlyCount "29"]
[EventDate "2010.??.??"]

1. e4 c5 2. Nf3 g6 3. c3 Qa5 4. d4 cxd4 5. Nxd4 Nf6 6. f3 Bg7 7. Na3 a6 8. Be3
Nc6 9. Nc4 Qc7 10. a4 O-O 11. a5 Rb8 12. Qd2 d6 13. Be2 e5 14. Nxc6 bxc6 15.
Bb6 1-0

[Event "26.ChessOrg Schachfestival"]
[Site "Bad Woerishofen"]
[Date "2010.03.10"]
[Round "5.35"]
[White "Lamberger, Werner"]
[Black "Margraf, Christoph"]
[Result "0-1"]
[WhiteElo "2064"]
[BlackElo "1935"]
[PlyCount "50"]
[EventDate "2010.??.??"]

1. Nf3 d5 2. d4 Nf6 3. e3 Bf5 4. c4 c6 5. Nc3 e6 6. Be2 Be7 7. O-O h6 8. Ne5
Nbd7 9. f4 Ne4 10. Nxe4 Bxe4 11. Bd3 Nf6 12. c5 Bxd3 13. Nxd3 Ne4 14. b4 a6 15.
a4 O-O 16. Bd2 Qe8 17. Qe2 Bd8 18. Rfb1 Bc7 19. Be1 f6 20. Nf2 Qg6 21. Qc2 e5
22. Nxe4 exf4 23. exf4 Bxf4 24. Nxf6+ Qxf6 25. Qd3 Be3+ 0-1

[Event "26.ChessOrg Schachfestival"]
[Site "Bad Woerishofen"]
[Date "2010.03.10"]
[Round "5.23"]
[White "Lupor, Stefan"]
[Black "Reiter, Franz"]
[Result "1-0"]
[WhiteElo "2262"]
[BlackElo "2101"]
[PlyCount "43"]
[EventDate "2010.??.??"]

1. d4 Nf6 2. c4 g6 3. Nc3 d6 4. e4 Bg7 5. f4 O-O 6. Nf3 Na6 7. Bd3 Bg4 8. O-O
c5 9. d5 Nc7 10. h3 Bxf3 11. Qxf3 Nd7 12. Bd2 a6 13. a4 Rb8 14. g4 e6 15. Kg2
exd5 16. exd5 f5 17. gxf5 gxf5 18. Kh1 Qh4 19. Rg1 Rf6 20. Rg5 Rh6 21. Bxf5 Rf8
22. Bxd7 1-0